|
|
|
|
| LEADER |
00651nab a2200181 i 4500 |
| 001 |
publ9757 |
| 005 |
20200120102955.0 |
| 008 |
161011s2016 hu o 0|| zxx d |
| 022 |
|
|
|a 1787-7350
|
| 024 |
7 |
|
|a 3098686
|2 mtmt
|
| 040 |
|
|
|a SZTE Publicatio Repozitórium
|b hun
|
| 041 |
|
|
|a zxx
|
| 100 |
1 |
|
|a Lénárt András
|
| 245 |
1 |
3 |
|a El cine de los rebeldes en la guerra fratricida española (1936–1939)
|h [elektronikus dokumentum] /
|c Lénárt András
|
| 260 |
|
|
|c 2016
|
| 300 |
|
|
|a 85-94
|
| 490 |
0 |
|
|a Mediterrán Világ
|v 35-36
|
| 856 |
4 |
0 |
|u http://publicatio.bibl.u-szeged.hu/9757/1/Cine%20de%20los%20rebeldes%20%28Mediterranean%20World%29.pdf
|z Dokumentum-elérés
|